000 00373nam a2200145Ia 4500
008 240729s9999 xx 000 0 und d
022 _a2501-8132
245 0 _aJournal of Interdisciplinary Medicine
260 _aPoland
260 _bSciendo
650 _aMedicine
856 _uhttps://doaj.org/toc/0d760d59b4654544aadbae27acd92101
942 _2ddc
942 _cDOAJEJ
999 _c67540
_d67540
945 _a1
_bMadushi Gamage
_c1
_dMadushi Gamage